Famous People with Place Names by Pictures - Statistics

General Stats
  • This quiz has been taken 202 times
    101 since last reset
  • The average score is 11 of 16
Answer Stats
Picture Hint Answer % Correct
US city or UK city Abraham {Lincoln}
93%
Capital city {Paris} Hilton
92%
US city Whitney {Houston}
89%
US City or State Denzel {Washington}
88%
Australian city {Sydney} Sweeney
87%
Japanese city {Kobe} Bryant
86%
US city {Orlando} Bloom
81%
US city Joaquin {Phoenix}
77%
Capital city {Victoria} Beckham
73%
US city {Helena} Bonam-Carter
63%
US State {Virginia} Woolf
51%
Japanese city Naomi {Osaka}
50%
Egyptian city {Alexandria} Ocasio-Cortez
48%
French city {Nancy} Sinatra
46%
Capital city {Sofia} Coppola
39%
US city Jean {Reno}
30%
No matching quizzes found
Score Distribution
Percent of People with Each Score
Percentile by Number Answered
Your Score History
You have not taken this quiz since the last reset